000 00475nam a2200193Ia 4500
003 OSt
005 20221005115118.0
006 a|||||r|||| 00| 0
007 ta
008 221004b |||||||| |||| 00| 0 eng d
024 _a112882
037 _cTextual
040 _aCRL
_cCRL
_beng
041 _2eng
_aeng
100 _aVashishta B R
_9627127
245 0 _aBotony for Degree student part 1 Algebra
942 _cTEXL
_2cc
999 _c1033450
_d1033450